Gaming Quiz

Random Gaming or Quick Pick Quiz

Castlevania SotN: Clock Tower Enemies Quiz Stats

 Plays Quiz not verified by Sporcle

Score 0/12 Timer 01:00
0 Plays Today
% Correct
Harpy
87%
Skull Lord
84%
Sword Lord
83%
Medusa Head
[Lv. 8]
80%
Phantom
Skull
80%
Flail Guard
77%
Medusa Head
[Lv. 7]
77%
Cloaked Knight
76%
Flea Armor
76%
Karasuman
76%
Flea Man
74%
Vandal Sword
73%

You're not logged in!

Compare scores with friends on all Sporcle quizzes.
OR
Log In

Sporcle TV

Today on Sporcle TV


Watch our educational content, quiz creation guides, and fun videos on Sporcle TV.

Show Comments

Extras

Top Quizzes Today


Score Distribution

Your Account Isn't Verified!

In order to create a playlist on Sporcle, you need to verify the email address you used during registration. Go to your Sporcle Settings to finish the process.

Report this User

Report this user for behavior that violates our Community Guidelines.

Details: